000 01494nam a2200241Ia 4500
003 Ost
005 20260507075227.0
008 260507s9999||||xx |||||||||||||| ||und||
020 _a48331199579
040 _cfsecg
041 _aara
082 _a330
100 _aالعنزي، زياد خليف
_eمؤلف
245 0 _aالمشكلات القانونية لعقود التجارة الالكترونية :
_bمن حيث الاثبات و تحديد زمان و مكان العقد /
_c زياد خليف العنزي
260 _aعمان:
_bدار وائل,
_c2009
300 _a202 صفحة؛
_c24 سم
504 _aمراجع ص.197 ؛ ملاحق ص.177
520 _aماهية التجارة الالكترونية ، اثبات العقةد التي تتم عبر الانترنيت : الشروط الواجب توافرها في المحرر الكتابي و مدى توافرها في المحرر الالكتروني و كذلك في التوقيع و التوقيع اللكتروني ، حجية المحررات الالكترونية في الاثبات ، زمان و مكان العقود التي تتم عبر الانترنيت : زمان العقد عند التعاقد عن طريق الانترنت ، مكان ابرام العقد عند التعاقد عن طريق الانترنيت .
653 _aالتجارة الالكترونية
653 _aالتجارة الدولية
653 _aالعقود التجارية
942 _cكتاب
999 _c43545
_d43545